[Event "ROM-ch U08"]
[Site "Calimanesti"]
[Date "2018.04.01"]
[Round "7"]
[White "Gurau, Matei Alexandru"]
[Black "Radoi, David Emanuel"]
[Result "1-0"]
[WhiteElo "1094"]
[BlackElo "1024"]
[PlyCount "139"]
[EventDate "2018.03.27"]
[EventType "swiss"]
[EventRounds "9"]
[EventCountry "ROU"]
[SourceTitle "CBM 183 Extra"]
[Source "ChessBase"]
[SourceDate "2018.04.19"]
[SourceVersion "1"]
[SourceVersionDate "2018.04.19"]
[SourceQuality "1"]

1. d4 Nf6 2. Nf3 d5 3. e3 Bf5 4. Bd3 e6 5. c3 Bd6 6. Qe2 Bg4 7. h3 Bh5 8. g4 Bg6 9. h4 Bxd3 10. Qxd3 0-0 11. h5 h6 12. g5 hxg5 13. Nxg5 Nc6 14. h6 gxh6 15. Rxh6 Kg7 16. Rh7+ Kg8 17. Rh6 Kg7 18. Rxf6 Kxf6 19. Nh7+ Kg7 20. Nxf8 Kxf8 21. Qh7 Qf6 22. Qh5 Qg6 23. Qh1 Kg7 24. f3 Qg3+ 25. Ke2 Qh2+ 26. Qxh2 Bxh2 27. e4 dxe4 28. fxe4 Rg8 29. Nd2 Kf6 30. e5+ Kf5 31. Nf3 Bf4 32. Bxf4 Kxf4 33. Kf2 Rg3 34. Nd2 Kg4 35. Rg1 Rxg1 36. Kxg1 Kf4 37. Kf2 b5 38. b4 a6 39. Nb3 Ke4 40. Ke2 Ne7 41. Nc5+ Kd5 42. Nxa6 Kc6 43. Nc5 Kb6 44. a4 bxa4 45. Nxa4+ Kb5 46. Nb2 Nd5 47. c4+ Kxb4 48. cxd5 exd5 49. Ke3 Kb5 50. Kf4 Kc6 51. Kf5 Kd7 52. Kf6 Ke8 53. Nd3 Kf8 54. Nb4 Ke8 55. Nxd5 c6 56. Nc7+ Kf8 57. Kf5 Ke7 58. e6 fxe6+ 59. Nxe6 Kd6 60. Nc5 Kd5 61. Ne6 Kc4 62. Ke5 Kb5 63. Kd6 Kb6 64. Kd7 Kb5 65. Kc7 Kc4 66. Kxc6 Kd3 67. d5 Ke4 68. d6 Ke5 69. d7 Kxe6 70. d8Q 1-0

[Event "ROM-ch U08"]
[Site "Calimanesti"]
[Date "2018.03.28"]
[Round "2"]
[White "Radoi, David Emanuel"]
[Black "Diaconu, Alexandru Andrei"]
[Result "1-0"]
[WhiteElo "1024"]
[BlackElo "1001"]
[PlyCount "45"]
[EventDate "2018.03.27"]
[EventType "swiss"]
[EventRounds "9"]
[EventCountry "ROU"]
[SourceTitle "CBM 183 Extra"]
[Source "ChessBase"]
[SourceDate "2018.04.19"]
[SourceVersion "1"]
[SourceVersionDate "2018.04.19"]
[SourceQuality "1"]

1. e4 e5 2. Nf3 Nf6 3. Nc3 Nc6 4. Bc4 Bc5 5. 0-0 0-0 6. d3 h6 7. Be3 d6 8. h3 Bd7 9. Bxc5 dxc5 10. Nd5 Nxd5 11. exd5 Nd4 12. Nxd4 cxd4 13. Re1 Re8 14. a4 c6 15. d6 c5 16. Re4 Bc6 17. Rg4 e4 18. Rg3 exd3 19. cxd3 Qxd6 20. Qg4 Qg6 21. Bxf7+ Kxf7 22. Qxg6+ Kf8 23. Qxg7# 1-0

[Event "ROM-ch U08"]
[Site "Baile Felix"]
[Date "2017.02.08"]
[Round "8"]
[White "Radoi, David Emanuel"]
[Black "Paraschiv, Calin Andrei"]
[Result "0-1"]
[WhiteElo "1001"]
[BlackElo "1046"]
[PlyCount "42"]
[EventDate "2017.02.02"]
[EventType "swiss"]
[EventRounds "9"]
[EventCountry "ROU"]
[SourceTitle "CBM 176 Extra"]
[Source "ChessBase"]
[SourceDate "2017.03.02"]
[SourceVersion "1"]
[SourceVersionDate "2017.03.02"]
[SourceQuality "1"]

1. e4 c5 2. Nf3 d6 3. Bb5+ Bd7 4. Bc4 g6 5. e5 dxe5 6. Nxe5 Bg7 7. Bd5 Bc6 8. Bxc6+ Nxc6 9. Nxc6 bxc6 10. 0-0 Nf6 11. c3 e5 12. a4 0-0 13. Re1 Re8 14. b4 c4 15. b5 c5 16. a5 Rb8 17. b6 axb6 18. axb6 Qxb6 19. d4 cxd4 20. cxd4 exd4 21. Qxd4 Rxe1# 0-1

[Event "ROM-ch U08"]
[Site "Baile Felix"]
[Date "2017.02.05"]
[Round "5"]
[White "Lupse, Ioan"]
[Black "Radoi, David Emanuel"]
[Result "1-0"]
[WhiteElo "1037"]
[BlackElo "1001"]
[PlyCount "23"]
[EventDate "2017.02.02"]
[EventType "swiss"]
[EventRounds "9"]
[EventCountry "ROU"]
[SourceTitle "CBM 176 Extra"]
[Source "ChessBase"]
[SourceDate "2017.03.02"]
[SourceVersion "1"]
[SourceVersionDate "2017.03.02"]
[SourceQuality "1"]

1. d4 d5 2. e3 Nf6 3. f4 e6 4. Nf3 Bd6 5. Bd3 0-0 6. 0-0 Re8 7. Ne5 Nbd7 8. g4 b6 9. g5 Nf8 10. gxf6 gxf6 11. Qh5 Bb7 12. Qxf7+ 1-0

[Event "ROM-ch U08"]
[Site "Baile Felix"]
[Date "2017.02.02"]
[Round "1"]
[White "Radoi, David Emanuel"]
[Black "Axente, Ioan Lucian"]
[Result "0-1"]
[WhiteElo "1001"]
[BlackElo "1068"]
[PlyCount "58"]
[EventDate "2017.02.02"]
[EventType "swiss"]
[EventRounds "9"]
[EventCountry "ROU"]
[SourceTitle "CBM 176 Extra"]
[Source "ChessBase"]
[SourceDate "2017.03.02"]
[SourceVersion "1"]
[SourceVersionDate "2017.03.02"]
[SourceQuality "1"]

1. e4 e5 2. Nf3 Nc6 3. Bc4 Nf6 4. 0-0 Bc5 5. Nc3 d6 6. Nb5 a6 7. Nxd6+ cxd6 8. c3 Qe7 9. b4 b5 10. Bd3 Ba7 11. c4 bxc4 12. Bxc4 0-0 13. b5 axb5 14. Bxb5 Nd4 15. Nxd4 Bxd4 16. Rb1 Nxe4 17. Bb2 Rxa2 18. Bxd4 exd4 19. Bc4 Ra8 20. Bd5 Ba6 21. Bxe4 Qxe4 22. Re1 Qc6 23. Rc1 Qd5 24. Qg4 f5 25. Qg5 Bb7 26. Qxg7+ Kxg7 27. Rc7+ Rf7 28. Rxf7+ Kxf7 29. h3 Qxg2# 0-1